000 00262nam a22001217a 4500
003 SGT
082 _a823
_bMUR
100 _aMURPHY GLEHN
245 _aWILL FARTS DESTROY THE PLANET
260 _aLONDON
_bMACMILLAN PUB
_c2011
300 _a224
942 _2ddc
_cBK
999 _c33697
_d33697